000 00955nam a2200265Ia 4500
003 OSt
005 20221005111957.0
006 a|||||r|||| 00| 0
007 ta
008 221004b |||||||| |||| 00| 0 hin d
024 _a31692
037 _cTextual
040 _aCRL
_cCRL
_bhin
041 _2hin
_ahin
082 _aP152:4k, M4
100 _aप्रसाद, कालिका प्रसाद एवं अन्य
_9624269
245 0 _aबृहत् हिन्दी कोश
246 _aBṛuhat hindī kosha
250 _aपंचम संस्करण
260 _aवाराणसी
_bज्ञानमण्डल लिमिटेड भारत
_c1984
300 _a1380पृ.
_ccm.
650 _aहिन्दी भाषा
942 _hP152:4k, M4
_cTEXL
_2cc
999 _c1023468
_d1023468